Transferencia de cantidad de movimiento, calor y materia / C.O. Bennett, J. E. Myers (Registro nro. 18794)
[ vista simple ]
| 000 -LÍDER | |
|---|---|
| fixed length control field | 00539nam a2200157 4500 |
| 008 - ELEMENTOS DE LONGITUD FIJA -- INFORMACIÓN GENERAL | |
| fixed length control field | 0 1979 0a 000 0Esp |
| 020 ## - NÚMERO INTERNACIONAL NORMALIZADO PARA LIBROS | |
| ISBN | 84-291-7052-9 |
| 050 ## - SIGNATURA TOPOGRAFICA DE LA BIBLIOTECA DEL CONGRESO (LC) | |
| Número de Clasificación | TP156.T7 B46 1979 T.II |
| 082 ## - NUMERO DE CLASIFICACION DECIMAL DEWEY | |
| Número de Clasificación | 660.2842 B163t T.II |
| 100 ## - ASIENTO PRINCIPAL--NOMBRE PERSONAL | |
| Nombre personal | Bennett, C. O. |
| 245 ## - TÍTULO | |
| Título | Transferencia de cantidad de movimiento, calor y materia / C.O. Bennett, J. E. Myers |
| 260 ## - PUBLICACIÓN, DISTRIBUCIÓN, ETC. (PIE DE IMPRENTA) | |
| Lugar de publicación, distribución, etc. | España : Reverté |
| 300 ## - DESCRIPCIÓN FÍSICA | |
| Extensión | 459-928 p., T.II / 25 cm. |
| 650 ## - ASIENTO SECUNDARIO DE MATERIA - TERMINO TEMÁTICO | |
| Término temático o nombre geográfico como elemento de entrada | 1. TRANSFERENCIA DE CALOR 2. TRANSFERENCIA DE MATERIA |
| 700 ## - ASIENTO SECUNDARIO - NOMBRE PERSONAL | |
| Nombre personal | I. Myers, J. E., coaut. |
| No. biblioteca | No. biblioteca | Número de clasificación | Código de barras/Número de adquisición | Número de copia | Tipo de material |
|---|---|---|---|---|---|
| LUIS G. INCLAN | LUIS G. INCLAN | 660.2842 B163t T.II | 10830 | 1 | Libros |
| LUIS G. INCLAN | LUIS G. INCLAN | 660.2842 B163t T.II | 45430 | 2 | Libros |
